The role of controlled droplet application(CDA) in plantation agriculture- Appropriate technology for a changing market (Record no. 70979)

MARC details
000 -LEADER
fixed length control field 00434nam a2200145Ia 4500
100 ## - MAIN ENTRY--AUTHOR NAME
Personal name Rhind Duncan
245 #4 - TITLE STATEMENT
Title The role of controlled droplet application(CDA) in plantation agriculture- Appropriate technology for a changing market
260 ## - PUBLICATION, DISTRIBUTION, ETC. (IMPRINT)
Name of publisher Planter
Year of publication 2000
300 ## - PHYSICAL DESCRIPTION
Number of Pages 117-122
650 ## - SUBJECT ADDED ENTRY--TOPICAL TERM
Topical Term CDA
650 ## - SUBJECT ADDED ENTRY--TOPICAL TERM
Topical Term Herbicide application
650 ## - SUBJECT ADDED ENTRY--TOPICAL TERM
Topical Term Spinning disc
942 ## - ADDED ENTRY ELEMENTS (KOHA)
Koha item type Journals
Holdings
Withdrawn status Lost status Damaged status Not for loan Home library Current library Shelving location Date acquired Serial Enumeration / chronology Koha item type
      Journals RRII Library RRII Library Soils and agonomy 17/12/2021 Volume 76, Issue 887 Journals